Fictional Religions - Statistics

General Stats
  • This quiz has been taken 22 times
  • The average score is 3 of 15
Answer Stats
Religion Franchise % Correct
Faith of the Seven A Song of Ice and Fire/Game of Thrones
57%
Church of the Children of Atom Fallout
33%
Mythic Dawn The Elder Scrolls
33%
Brothers of the Yellow Sign Cthulhu Mythos
24%
Robotology Futurama
24%
Cult of Lord Nyax Star Wars
24%
Church of the Fonz Family Guy
14%
First Church of LeChuck Monkey Island
14%
Eywa Avatar
10%
Order of Wen the Eternally Surprised Discworld
10%
Church of the Great Sun The Witcher
10%
Faith of Great Green Arkleseizure The Hitchhiker's Guide to the Galaxy
5%
The Two Great Ones Bill and Ted
0%
Unitology Dead Space
0%
Worship of The Nameless Ones The Earthsea Cycle
0%
No matching quizzes found
Score Distribution
Percent of People with Each Score
Percentile by Number Answered
Your Score History
You have not taken this quiz